| 000 | 00713cam a22001331 4500 | ||
|---|---|---|---|
| 082 |
_a658.51 _bSLO _cL-17, P-16 |
||
| 100 | 1 |
_aSlonim, Asir Isidorovich. _944771 |
|
| 245 | 1 | 0 |
_aDesign and production planning in light industry _c[by] A. I. Slonim. (Organizatsiya tekhnicheskoi podgotovki proizvodstva na priborostroitelńom predpriyatii) Translated from Russian [by S. Ramon. Rev. and edited by IPST staff] |
| 260 |
_aJerusalem, _bIsrael Program for Scientific Translations; [available from the Office of Technical Services, U.S. Dept. of Commerce, Washington] _c1963. |
||
| 300 |
_a124 p. _billus. _c25 cm. |
||
| 526 |
_a0 _b0 _c0 _d658_510000000000000_SLO |
||
| 650 | 0 |
_aProduction engineering. _92471 |
|
| 942 |
_2ddc _cBK |
||
| 999 |
_c548464 _d548464 |
||